03389nab a2200289 i 4500003000900000005001700009008004100026040001800067072001400085072000800099100002000107100002000127100001500147100002600162100002000188245013900208500006700347520118400414520110701598650001102705650002202716650001802738773023602756856008002992942000803072999001903080BR-BrBNA20241217132257.0241217b2015 bl.|r|pooa||| 00| 0 por | aBR-BrBNAbpor aL40b5120 aL70 aSchade, M.F.S.  aMenegatti, J.  aSchade, J. aSouza Júnior, V.A.  aFonteque, J.H.  aAvaliação morfométrica de equinos do Esquadrão de Polícia Montada dos municípios de Lages, Joinville e Florianópolis-SC a Publicação online; 13 ref.; 7 tables; Summaries (En, Pt) a RESUMO - O objetivo do presente trabalho foi avaliar as características morfométricas de equinos utilizados no patrulhamento ostensivo pertencentes aos Esquadrões de Polícia Montada localizados nos municípios de Lages, Joinville e Florianópolis – SC. Foram utilizados 101 animais (78 machos castrados, um garanhão e 22 fêmeas), com idade média de 11,9 anos e massa corpórea de 490,82±53,51kg. Foram tomadas 20 medidas lineares individuais, por meio das quais foram determinados 13 índices zootécnicos. Os dados foram avaliados segundo análise descritiva, e a comparação simples entre médias pelo teste t de Student (P<0,05). Houve diferença significativa entre machos e fêmeas com relação ao comprimento de garupa, largura da anca, perímetro da canela e IDT nos animais pertencentes ao Esquadrão de Florianópolis. Conclui-se que os equinos dos três Esquadrões avaliados são, em geral, animais baixos de frente, “longe de terra”, eumétricos e longilíneos, e classificados entre animais de tração ligeira e de tração pesada. Palavras-chave: índices zootécnicos, medidas lineares, policiamento ostensivo a ABSTRACT - The aim of this study was to evaluate the morphometric characteristics of horses utilized in ostensive patrolling belonging to Squadrons of Mounted Police located in the cities of Lages, Joinville and Florianópolis – SC. One hundred and one animals were used (78 geldings, a stallion and 22 females) with a mean age of 11.9 years and body mass of 490.82±53.51kg. Twenty individual linear measurements were taken, from which 13 zootechnical indexes were determined. The data was evaluated according to descriptive analysis and simple comparison between averages by Student's t test (P<0.05). There were significant differences between males and females in relation to hip length, hip width, cannon bone circumference and dactyl-thoracic index (DTI) in animals belonging to the Squadron of Florianopolis. We conclude that equines from three evaluated Squadrons are generally low front animals, “far from the ground”, middleweight and large in shape, classified between light traction and heavy traction animals. Keywords: zootechnical indexes, linear measures, policingostensible  aEQUINO aMORFOLOGIA ANIMAL aVETERINÁRIA0 016439315896dBelo Horizonte-MG Universidade Federal de Minas Gerais - Escola de Veterinaria 1983o2024-2261tArquivo Brasileiro de Medicina Veterinária e Zootecnia (Brazil)x0102-0935gv. 67(5) p. 1335-1342; (2015)wBR2024004002 uhttps://www.scielo.br/j/abmvz/a/YJKxD9xYCG69fDLkKS7tRTQ/?format=pdf&lang=pt cANA c329306d329306